Essentials of comparative politics / (Record no. 1500)
[ view plain ]
| 000 -LEADER | |
|---|---|
| fixed length control field | 00671cam a2200229 4500 |
| 001 - CONTROL NUMBER | |
| control field | 1947 |
| 003 - CONTROL NUMBER IDENTIFIER | |
| control field | OCoLC |
| 005 - DATE AND TIME OF LATEST TRANSACTION | |
| control field | 20181127164253.0 |
| 008 - FIXED-LENGTH DATA ELEMENTS--GENERAL INFORMATION | |
| fixed length control field | 030123s2004 nyuab b 001 0 eng |
| 010 ## - LIBRARY OF CONGRESS CONTROL NUMBER | |
| LC control number | 2003042148 |
| 020 ## - INTERNATIONAL STANDARD BOOK NUMBER | |
| International Standard Book Number | 0393976548 (pbk.) |
| 100 1# - MAIN ENTRY--PERSONAL NAME | |
| Personal name | O'Neil, Patrick H., |
| Dates associated with a name | 1966- |
| 245 10 - TITLE STATEMENT | |
| Title | Essentials of comparative politics / |
| Statement of responsibility, etc. | Patrick O'Neil. |
| 260 ## - PUBLICATION, DISTRIBUTION, ETC. | |
| Place of publication, distribution, etc. | New York : |
| Name of publisher, distributor, etc. | W.W. Norton, |
| Date of publication, distribution, etc. | c2004. |
| 300 ## - PHYSICAL DESCRIPTION | |
| Extent | xix, 322 p. : |
| Other physical details | col. ill., col. maps ; |
| Dimensions | 24 cm. |
| 504 ## - BIBLIOGRAPHY, ETC. NOTE | |
| Bibliography, etc. note | Includes bibliographical references and index. |
| 650 #0 - SUBJECT ADDED ENTRY--TOPICAL TERM | |
| Topical term or geographic name entry element | Capitalism. |
| Topical term or geographic name entry element | Comparative government. |
| Topical term or geographic name entry element | Democracy. |
| Topical term or geographic name entry element | Post-communism. |
| Topical term or geographic name entry element | State, The. |
| Withdrawn status | Lost status | Source of classification or shelving scheme | Damaged status | Not for loan | Collection code | Home library | Current library | Shelving location | Serial Enumeration / chronology | Inventory number | Total Checkouts | Full call number | Barcode | Date last seen | Price effective from | Koha item type |
|---|---|---|---|---|---|---|---|---|---|---|---|---|---|---|---|---|
| Dewey Decimal Classification | Main TEST | RTC Library | RTC Library | Main opac | 1107 | 320.3 ONE | 30005805 | 27/11/2018 | 27/11/2018 | Main |